Žilinský kuriér slušné noviny do každej slušnej rodiny

Bibliographic Details
Format: Newspaper
Language:Slovak
PhysicalDescription:4 zv. 30-39 cm
Published: Žilina Ardsystém 2014-2018
Žilina Business Corp
ISSN:1339-7982
Subjects:

MARC

LEADER 00000cas a2200000 a 4500
001 vtls010662355
003 SK-MaSNL
005 20260228161139.0
008 150320d20142018xo br|ne 0 b0slo
022 |a 1339-7982 
040 |a SNK  |b slo  |c SNK  |e AACR2 
041 0 |a slo 
043 |a e-xo--- 
044 |a xo  |c SK 
072 7 |a 316  |x Sociológia  |2 konspekt 
072 7 |a 352/354  |x Stupne miestnej, oblastnej a ústrednej správy  |2 konspekt 
080 |a 352  |2 2011 
080 |a 316.728  |2 2011 
080 |a 050  |2 2011 
080 |a (051)+(054)  |2 2011 
080 |a (437.6)  |2 2011 
210 0 |a Žilin. kur. 
222 0 |a Žilinský kuriér 
245 0 0 |a Žilinský kuriér  |b slušné noviny do každej slušnej rodiny 
260 |a Žilina  |b Ardsystém  |c 2014-2018 
260 3 |3 2016-2018  |a Žilina  |b Business Corp 
300 |a 4 zv.  |c 30-39 cm 
310 |a 1x mesačne 
362 |a Č. 1 (2014)-roč. 3, č. 1 (máj 2018)  |z BA001/2016 
500 |a Reg. číslo MK SR: EV 5049/14 
500 |a Šéfredaktori sa menia 
500 |a Podnázovod r. 2016: mesto ľuďom, ľudia mestu 
515 |a Niektoré čísla vychádzajú ako dvojčíslo 
650 0 7 |a spoločenský život  |2 SNKPH  |9 28654 
650 0 7 |a miestna správa  |2 SNKPH  |9 29496 
651 7 |a Žilina (Slovensko)  |2 SNKPHgeo  |9 28812 
655 7 |a miestne periodiká  |2 SNKPH  |9 160938 
910 |a snk 
999 |c 4485  |d 6415 
952 |0 0  |1 0  |4 0  |7 0  |8 0  |a SNK  |b SNK  |d 2020-06-08  |i snk2020/9705  |l 0  |o snkČSB 7520/2014  |p 17A1387585  |r 2026-02-21 22:01:05  |t č. 1-6  |w 2026-02-21  |y PREZ 
952 |0 0  |1 0  |4 0  |7 0  |8 0  |a SNK  |b SNK  |d 2020-06-08  |i snk2020/9739  |l 0  |o snkČSA 1500/1/2016  |p 17A1387586  |r 2026-02-21 22:01:05  |t č. 1-4  |w 2026-02-21  |y PREZ 
952 |0 0  |1 0  |4 0  |7 0  |8 0  |a SNK  |b SNK  |d 2020-06-08  |i snk2020/9749  |l 0  |o snkČSA 1500/2/2017  |p 17A1387587  |r 2026-02-21 22:01:09  |t č. 1-11  |w 2026-02-21  |y PREZ 
952 |0 0  |1 0  |4 0  |7 0  |8 0  |a SNK  |b SNK  |d 2020-06-08  |i snk2020/9760  |l 0  |o snkČSA 1500/3/2018  |p 17A1387588  |r 2026-02-21 22:01:09  |t č. 1  |w 2026-02-21  |y PREZ